header

Telecentres, access and development (Record no. 111580)

MARC details
000 -LEADER
fixed length control field 01420nam a2200349Ia 4500
082 04 - DEWEY DECIMAL CLASSIFICATION NUMBER
Classification number 384.096
100 1# - MAIN ENTRY--AUTHOR NAME
Personal name Parkinson, Sarah,
245 10 - TITLE STATEMENT
Title Telecentres, access and development
260 ## - PUBLICATION, DISTRIBUTION, ETC. (IMPRINT)
Place of publication Bourton-on-Dunsmore :
Name of publisher ITDG,
Year of publication c2005.
300 ## - PHYSICAL DESCRIPTION
Number of Pages xxiii, 148 p. :
Other physical details ill., maps.
650 #0 - SUBJECT ADDED ENTRY--TOPICAL TERM
Topical Term Telecommunication policy
Topical Term Telecommunication
Topical Term Telecommunication
Topical Term Digital divide
Topical Term Digital divide
856 40 - ELECTRONIC LOCATION AND ACCESS
Uniform Resource Identifier http://site.ebrary.com/lib/rucke/Doc?id=10120555

No items available.

© 2026 Rongo University
Contact us: librarian | system librarian | Rongo university